000 01130nam a2200337 i 4500
001 bg
245 0 0 _aHolandia /
_c[przygot. ed. pol. Bogdan Rudnicki ; red. prowadzący Joanna Zaborowska ; tł. Krzysztof Cierniak ; red. Magdalena Binkowska].
246 1 _iTyt. oryg.:
_aNetherlands
260 _aWarszawa :
_bMediaprofit,
_c2007.
300 _a[2], 364, [2] s. :
_bil. (gł. kolor.) ;
_c23 cm.
490 1 _aBiblioteka Gazety Wyborczej. Podróże Marzeń ;
_v21
500 _aMapa i plan na wyklejkach.
504 _aIndeks.
651 9 _aHolandia
655 _aPrzewodniki turystyczne
700 1 _aRudnicki, Bogdan.
_eOprac.
700 1 _aZaborowska, Joanna.
_eRed.
700 1 _aCierniak, Krzysztof.
_eTł.
700 1 _aBinkowska, Magdalena.
_eRed.
830 0 _aBiblioteka Gazety Wyborczej.
_pPodróże Marzeń (2007)
_v21
015 _aPB 22055/2007
020 _a9788360174821
040 _cBPK
041 1 _apol
_heng
044 _aPOL
080 _a913(492)(036)
920 _a978-83-60174-82-1 :
_czł 25
942 _cKS
008 071011s2007 pl a |001 0 pol
999 _c54265
_d54265
856 _uhttp://koha.tu.koszalin.pl/cgi-bin/koha/opac-detail.pl?biblionumber=54265
_yKatalog online BPK